Štatistická ročenka 1979 okres Bardejov

Saved in:
Bibliographic Details
Format: Book
Language:Slovak
Published: Bratislava Slovenský štatistický úrad 1979
Subjects:
Tags: Add Tag
No Tags, Be the first to tag this record!

MARC

LEADER 00000nam a2200000 4500
001 0222740
005 20260116115806.2
041 0 |a slo 
044 |a SK 
245 1 0 |a Štatistická ročenka 1979  |b okres Bardejov 
264 1 |a Bratislava  |b Slovenský štatistický úrad  |c 1979 
300 |a 245 s. 
610 2 0 |a Slovensko